00985nab a22001697a 4500003000400000005001700004008004100021040000700062100002500069245019900094300001200293500003300305505032900338650002300667650002800690773009700718OSt20240607121727.0190514b xxu||||| |||| 00| 0 spa d cPJ aSpaventa, Verónica10aPerspectiva de género e infancias : buna tensión que se disipa a poco de identificar los resabios del modelo patriarcal de familia nuclear que la promueve y sostiene /cVerónica Spaventa. ap. 3-11 aCita Online: AR/DOC/587/2024 aSumario: I. Introducción.— II. Género, poder y responsabilidad parental.— III. Violencia vicaria, una forma de violencia de género contra las mujeres y sus hijos, hijas, hijes.— IV. Otra vez... Desmontar modelos para dar cabida a relaciones familiares y a prácticas institucionales respetuosas de los derechos. 0aDERECHO DE FAMILIA 0aPERSPECTIVA DE GÉNERO0 02844dBuenos Aires : AbeledoPerrot, 1989-tDerecho de familia. N° 114 - Mayo 2024z18511201